000 00655nmm a2200253 a 4500
003 AR-BaBNM
005 20251128203926.0
008 125019s1983 ||||||||||||||000 | spa||
020 _a950-582-089-5
040 _cAR-BaBNM
100 1 _aCasalet, Mónica
245 1 0 _aAlternativas metodológicas en trabajo social
250 _a2ª ed.
260 _aBuenos Aires
_bHumanitas
_c1983
300 0 _a100 p.
650 4 _aTRABAJO SOCIAL
650 4 _aBIENESTAR SOCIAL
650 4 _aTRABAJADORES SOCIALES
650 4 _aENSENANZA DE LAS CIENCIAS SOCIALES
650 4 _aCIENCIAS SOCIALES
650 4 _aSOCIOLOGIA
942 _cBK
998 _cHector
999 _c5489
_d5489